000 00740nam a2200265Ia 4500
005 20260121172139.0
008 008 260114s9999 xx 000 0 eng d
020 _a9789811569265
037 _aEBOOK
040 _aCRL
040 _beng
040 _cCRL
041 _2eng
041 _aeng
084 _qCRL
100 _aKathleen Mahon, Christine Edwards-Groves, Susanne Francisco, Mervi Kaukko, Stephen Kemmis, Kirsten Petrie
_91084857
245 0 _aPedagogy, Education, and Praxis in Critical Times
260 _bSpringer
260 _bSpringer
260 _c2020
856 _uhttps://link.springer.com/openurl?genre=book&isbn=978-981-15-6926-5
942 _cEBOOK
999 _c1650592
_d1650592